Strangers in the forest : Other stories

Bibliographic Details
Main Author: Vimala Kumar
Format: Book
Published: Petaling Jaya : Edu Tech Publisher , 2005
Series:Rainbow contemporary readers
Subjects:

MARC

LEADER 00000cam a2200000 7i4500
001 0000001408
005 20151222.0
008 070719
020 |a 9832746183(set) 
020 |a 9832746221 
090 0 0 |a JF   |b NS ENG (1616) 
100 0 |a Vimala Kumar 
245 1 0 |a Strangers in the forest :   |b Other stories   |c Vimala Kumar 
260 |a Petaling Jaya :   |b Edu Tech Publisher ,   |c 2005 
300 |a Volume 4 
440 |a Rainbow contemporary readers 
500 |a Children ages 7-9 years old (orange) 
650 0 |a Rhymes   |x Fiction 
999 |a 0000964774   |b Book   |c Children Collection   |e Cawangan Bandar Penawar 
999 |a 0000964775   |b Book   |c Children Collection   |e Cawangan Tmn. Ungku Tun Aminah 
999 |a 0000966424   |b Book   |c Children Collection   |e Perbadanan Perpustakaan Awam Johor 
999 |a 0000966425   |b Book   |c Children Collection   |e Cawangan Sri Merlong 
999 |a 0000966426   |b Book   |c Children Collection   |e Perbadanan Perpustakaan Awam Johor 
999 |a 0000966427   |b Book   |c Children Collection   |e Cawangan Pontian 
999 |a 0001049790   |b Book   |c Children Collection   |e Cawangan Taman Universiti